<?xml version="1.0" encoding="UTF-8"?>
<record
    xmlns:xsi="http://www.w3.org/2001/XMLSchema-instance"
    xsi:schemaLocation="http://www.loc.gov/MARC21/slim http://www.loc.gov/standards/marcxml/schema/MARC21slim.xsd"
    xmlns="http://www.loc.gov/MARC21/slim">

  <leader>01675    a2200253   4500</leader>
  <controlfield tag="001">47531</controlfield>
  <controlfield tag="005">20260407155742.0</controlfield>
  <controlfield tag="008">260407a1998    arg                 spa d</controlfield>
  <controlfield tag="003">AR-UNSa-BCEJYS</controlfield>
  <datafield tag="040" ind1=" " ind2=" ">
    <subfield code="a">AR-UNSa-BCEJYS</subfield>
    <subfield code="b">spa</subfield>
    <subfield code="c">AR-UNSa-BCEJYS</subfield>
  </datafield>
  <datafield tag="080" ind1=" " ind2=" ">
    <subfield code="a">82-3</subfield>
    <subfield code="x">Ficci&#xF3;n. Prosa Narrativa. (Novelas...Novelas hist&#xF3;ricas)
</subfield>
  </datafield>
  <datafield tag="245" ind1="1" ind2="0">
    <subfield code="a">Sarmiento y sus fantasmas</subfield>
  </datafield>
  <datafield tag="020" ind1=" " ind2=" ">
    <subfield code="a">950-49-0027-8</subfield>
  </datafield>
  <datafield tag="264" ind1=" " ind2="1">
    <subfield code="a">Buenos Aires :</subfield>
    <subfield code="b">Planeta</subfield>
    <subfield code="c">1998</subfield>
  </datafield>
  <datafield tag="300" ind1=" " ind2=" ">
    <subfield code="a">302 p.</subfield>
    <subfield code="c">21 cm.</subfield>
  </datafield>
  <datafield tag="520" ind1=" " ind2=" ">
    <subfield code="a">F&#xE9;lix Luna propone en estas p&#xE1;ginas una original visi&#xF3;n de Domingo Faustino Sarmiento en la que se mezclan la ficci&#xF3;n con la verdad hist&#xF3;rica. En un fascinante juego de la imaginaci&#xF3;n, Luna enfrenta a su protagonista con diversos personajes clave en su vida y en su obra, y delinea, a partir de esos di&#xE1;logos, un retrato que va complet&#xE1;ndose a medida que avanza el texto.
La lucha, los ideales, las debilidades y las grandezas, los amores y enconos del gran sanjuanino surgen en la prosa Luna con el tono sincero y a veces brutal que caracterizaba al propio Sarmiento. F&#xE9;lix Luna despliega en esta obra todo su oficio de historiador  y sus habilidades literarias para hacer de estos "fantasmas" voces n&#xED;tidas y reales, y recrea para el lector un Sarmiento tierno y evocativo a veces, tonante y furioso otras, siempre genial, siempre empe&#xF1;ado en combatir la barbarie. </subfield>
  </datafield>
  <datafield tag="041" ind1=" " ind2=" ">
    <subfield code="a">spa</subfield>
  </datafield>
  <datafield tag="942" ind1=" " ind2=" ">
    <subfield code="c">BK</subfield>
  </datafield>
  <datafield tag="590" ind1=" " ind2=" ">
    <subfield code="a">niveau_biblio:m niveau_hierar:0</subfield>
  </datafield>
  <datafield tag="100" ind1="1" ind2=" ">
    <subfield code="a">Luna, F&#xE9;lix</subfield>
  </datafield>
  <datafield tag="650" ind1=" " ind2=" ">
    <subfield code="a">Domingo Faustino Sarmiento</subfield>
  </datafield>
  <datafield tag="856" ind1="4" ind2="1">
    <subfield code="u">https://www.biblioeco.unsa.edu.ar/pmb/images/libros/L127600.jpg</subfield>
    <subfield code="y">Imagen de portada</subfield>
    <subfield code="q">image/jpeg</subfield>
  </datafield>
  <datafield tag="650" ind1=" " ind2=" ">
    <subfield code="a"> domingo faustino sarmiento </subfield>
  </datafield>
  <datafield tag="999" ind1=" " ind2=" ">
    <subfield code="c">4412</subfield>
    <subfield code="d">4412</subfield>
  </datafield>
  <datafield tag="952" ind1=" " ind2=" ">
    <subfield code="0">0</subfield>
    <subfield code="1">0</subfield>
    <subfield code="4">0</subfield>
    <subfield code="7">0</subfield>
    <subfield code="a">BCEJYS</subfield>
    <subfield code="b">BCEJYS</subfield>
    <subfield code="c">16</subfield>
    <subfield code="d">2026-04-07</subfield>
    <subfield code="l">0</subfield>
    <subfield code="o">82-3 L961</subfield>
    <subfield code="p">L127600</subfield>
    <subfield code="r">2026-04-07 15:57:42</subfield>
    <subfield code="w">2026-04-07</subfield>
    <subfield code="y">L</subfield>
  </datafield>
</record>
